000
00267nam a2200097 4500
100
_a
Thorpe, Dale A.
245
_a
Study Guide for Speaking Professionally Module 3 Lesson 11-17
260
_a
USA:
_b
Lingua Marketing International,
_c
1993.
300
_a
111p. ;
942
_c
BK
999
_c
7678
_d
7678